50 Richest Countries Today 2050 and in 2100 - Statistics

General Stats
  • This quiz has been taken 78 times
    31 since last reset
  • The average score is 121 of 150
Answer Stats
Answer % Correct
United Kingdom
100%
United States
100%
China
96%
France
96%
Germany
92%
India
92%
Italy
92%
Japan
92%
Mexico
92%
Russia
92%
South Africa
92%
Spain
92%
Canada
88%
Nigeria
88%
Norway
88%
South Korea
88%
Sweden
88%
Turkey
88%
Australia
84%
Austria
84%
Colombia
84%
Indonesia
84%
Iran
84%
Netherlands
84%
New Zealand
84%
Poland
84%
Thailand
84%
Vietnam
84%
Algeria
80%
Ethiopia
80%
Israel
80%
Morocco
80%
Pakistan
80%
Philippines
80%
Argentina
76%
Brazil
76%
Ethiopia
76%
Iraq
76%
Kenya
76%
Peru
76%
Sudan
76%
Switzerland
76%
Bangladesh
72%
Chile
72%
Egypt
72%
Ireland
72%
Saudi Arabia
72%
United Arab Emirates
72%
Venezuela
72%
Belgium
68%
Ghana
68%
Malaysia
68%
Taiwan
64%
Tanzania
64%
Uganda
64%
Angola
56%
Ivory Coast
52%
Singapore
52%
Ecuador
48%
Kazakhstan
44%
Guatemala
36%
No matching quizzes found
Score Distribution
Percent of People with Each Score
Percentile by Number Answered
Your Score History
You have not taken this quiz since the last reset